Namibia : prospect,possibility,promising,profitable.
| Format: | Book |
|---|---|
| Published: |
Windhoek:
Ministry of Trade and Industry,
2002.
|
| Subjects: |
| LEADER | 00510cam a2200157 7i4500 | ||
|---|---|---|---|
| 001 | 0000018996 | ||
| 005 | 20070315090000.0 | ||
| 090 | 0 | 0 | |a NAMB 380.106 |b NAM |
| 245 | 0 | 0 | |a Namibia : |b prospect,possibility,promising,profitable. |
| 260 | 0 | 0 | |a Windhoek: |b Ministry of Trade and Industry, |c 2002. |
| 300 | # | # | |a 26 p.. |
| 650 | 0 | 0 | |a Investments -- |z Namibia |
| 650 | 0 | 0 | |a Economic conditions -- |z Namibia |
| 650 | 0 | 0 | |a Infrastructure -- |z Namibia |
| 651 | 0 | 0 | |a Namibia |
| 999 | |a 0000018401 |b Book |c Countries |e Business Information Centre | ||